01340nam a2200313 i 4500001001000000003000900010005001700019007000300036008004100039040003000080041000800110082001900118100005900137245007200196250002200268264004400290300002800334336002700362337003300389338002800422533008600450590002600536910000700562942001400569952012800583952013400711952016400845999001701009000040395DO-SdBNP20251127072819.0ta130823s1975 dr 000 0 spa d aDO-SdBNPbspacBNPHUerda aspa axxxbV297j2221 aVargas Vila, José María,d1860-1933.eautor92713610aJosé Martí :bapostol,libertador /cJosé María Vargas Vila. aSegunda edición aSanto Domingo :bEditora Taller,c1975. a153 páginas ;c21 cm. ardacontentbtexto2txt ardamediabsin mediación2n ardacarrierbvolumen2nc aJosé Martí : apostol, libertadorbParís, 1938cEditorial Hispano-América, aInventariado, 2025/DG aDG 2ddccLBS1 00102ddc51708PDaBNPHUbBNPHUcHDd2013-08-23l0oBNPHU PD V297jp40395-10r2020-06-25w2020-06-25yLBS1ZNo se presta 00102ddc51708PDaBNPHUbBNPHUcHDd2015-02-12l0oBNPHU PD V297jp40395-20r2020-06-25te. 2w2020-06-25yLBS1ZNo se presta 00102ddc56708DSaBNPHUbBNPHUcCTd2025-11-27edonaciónl0oBNPHU DS V297jp2025-13537r2025-11-27te.3w2025-11-27yLBS1zFederico Henríquez Grateraux c39885d39885